Juventus - Tous les Joueurs (2015-2026) - Statistiques

Statistiques générales
  • Ce quiz a été pris 188 fois
    5 depuis la dernière actualisation
  • Le résultat moyen est 48 sur 105
Statistiques - réponses
Matchs Période Nationalité Joueur % Correct
281 2011-2019 Italie Andrea Barzagli
100%
164 2011-2015 Italie Andrea Pirlo
100%
171 2011-2015 Chili Arturo Vidal
100%
122 2022- Brésil Bremer
100%
134 2018-2021 Portugal Cristiano Ronaldo
100%
168 2022- Serbie Dusan Vlahovic
100%
82 2024- Portugal Francisco Conceiçao
100%
685 2001-2021 Italie Gianluigi Buffon
100%
561 2005-2022 Italie Giorgio Chiellini
100%
46 2025- Canada Jonathan David
100%
314 2015-2023 Colombie Juan Cuadrado
100%
131 2023- Turquie Kenan Yildiz
100%
502 2010-2023 Italie Leonardo Bonucci
100%
34 2025- Belgique Loïs Openda
100%
258 2011-2018 Suisse Stephan Lichtsteiner
100%
230 2020- États-Unis Weston McKennie
100%
70 2019-2022 Pays de Galles Aaron Ramsey
75%
212 2019-2024 France Adrien Rabiot
75%
40 2022-2023 Argentine Ángel Di María
75%
77 2022- Pologne Arkadiusz Milik
75%
63 2020-2026 Brésil Arthur Melo
75%
389 2006-2018 Italie Claudio Marchisio
75%
131 2020-2024 Italie Federico Chiesa
75%
149 2016-2020 Argentine Gonzalo Higuaín
75%
230 2021- Italie Manuel Locatelli
75%
42 2015-2017 Gabon Mario Lemina
75%
162 2015-2019 Croatie Mario Mandzukic
75%
117 2019-2022 Pays-Bas Matthijs De Ligt
75%
32 2019-2022 Turquie Merih Demiral
75%
178 2016-2020 Bosnie-Herzégovine Miralem Pjanic
75%
82 2014-2017 France Patrice Evra
75%
181 2017-2022 Uruguay Rodrigo Bentancur
75%
78 2023-2025 États-Unis Timothy Weah
75%
252 2017-2024 Pologne Wojciech Szczesny
75%
327 2015-2024 Brésil Alex Sandro
50%
185 2014-2022 Espagne Álvaro Morata
50%
132 2022- Italie Andrea Cambiaso
50%
133 2017-2020 France Blaise Matuidi
50%
33 2016-2017 Brésil Dani Alves
50%
74 2020-2023 Suède Dejan Kulusevski
50%
27 2025- Kosovo Edon Zhegrova
50%
45 2018-2020 Allemagne Emre Can
50%
183 2017-2022 Italie Federico Bernardeschi
50%
137 2022- Italie Federico Gatti
50%
112 2022- Serbie Filip Kostic
50%
34 2018-2019 Portugal Joao Cancelo
50%
22 2014-2017 France Kinglsey Coman
50%
156 2012-2018 Ghana Kwadwo Asamoah
50%
35 2022-2023 Argentine Leandro Paredes
50%
70 2018- Italie Mattia Perin
50%
59 2016-2019 Maroc Medhi Benatia
50%
84 2024- Italie Michele Di Gregorio
50%
293 2015-2022 Argentine Paulo Dybala
50%
190 2012-2024 France Paul Pogba
50%
92 2024- France Pierre Kalulu
50%
22 2025 France Randal Kolo Muani
50%
145 2015-2020 Allemagne Sami Khedira
50%
89 2024- Pays-Bas Teun Koopmeiners
50%
14 2025 Portugal Albert Costa
25%
96 2013-2015 Argentine Carlos Tévez
25%
157 2013-2026 Italie Daniele Rugani
25%
213 2019-2025 Brésil Danilo
25%
15 2022-2023 Suisse Denis Zakaria
25%
103 2017-2022 Brésil Douglas Costa
25%
27 2024-2025 Brésil Douglas Luiz
25%
106 2021- Italie Fabio Miretti
25%
17 2026- Côte d'Ivoire Jérémie Boga
25%
13 2025-2026 Portugal Joao Mario
25%
28 2024- Colombie Juan Cabal
25%
96 2024- France Khéphren Thuram
25%
12 2012-2019 Italie Leonardo Spinazzola
25%
65 2025- Angleterre Lloyd Kelly
25%
35 2011-2015 Italie Marco Motta
25%
21 2016-2023 Croatie Marko Pjaca
25%
119 2009-2019 Uruguay Martín Cáceres
25%
21 2021-2024 Argentine Matías Soulé
25%
117 2017-2025 Italie Mattia De Sciglio
25%
48 2012-2016 Chili Mauricio Isla
25%
123 2016-2024 Italie Moise Kean
25%
22 2015-2017 Brésil Neto
25%
128 2006-2017 Italie Paolo De Ceglie
25%
15 2025 Portugal Renato Veiga
25%
19 2017-2018 Venezuela Tomas Rincon
25%
92 2011-2015 Italie Alessandro Matri
0%
55 2013-2015 Italie Angelo Ogbonna
0%
12 2024 Argentine Carlos Alcaraz
0%
92 2013-2015 Espagne Fernando Llorente
0%
18 2019-2024 Italie Gianluca Frabotta
0%
13 2019-2025 Italie Hans Nicolussi Caviglia
0%
35 2015-2017 Brésil Hernanes
0%
11 2021-2024 Brésil Kaio Jorge
0%
23 2006-2019 Italie Luca Marrone
0%
21 2020-2025 Italie Luca Pellegrini
0%
40 2024-2025 Argentine Nicolas González
0%
69 2021-2025 Italie Nicolo Fagioli
0%
40 2022-2025 Italie Nicolo Savona
0%
68 2014-2016 Argentine Roberto Pereyra
0%
45 2022-2024 Angleterre Samuel Iling-Junior
0%
32 2024-2025 Belgique Samuel Mbangula
0%
132 2006-2015 Italie Sebastian Giovinco
0%
107 2012-2016 Italie Simone Padoin
0%
95 2010-2015 Italie Simone Pepe
0%
24 2015-2017 Italie Simone Zaza
0%
90 2014-2019 Italie Stefano Sturaro
0%
26 2024- Monténégro Vasilije Adzic
0%
Aucun quiz correspondant
Distribution des résultats
% des personnes avec chaque résultat
Percentile par nombre de réponses
Votre historique - résultats
Vous n’avez pas pris ce quiz depuis la dernière actualisation